000 01059cam a2200325 i 4500
001 1337891
003 OSt
005 20140310184248.0
008 791213s1980 mau j 000 1 eng
010 _a 79028394
020 _a0590446517
040 _aDLC
_cDLC
_dDLC
042 _alcac
050 0 0 _aPZ 7
_b.Od237Sar 1980
100 1 _aO'Dell, Scott,
_d1898-1989.
_927118
245 1 0 _aSarah Bishop /
_cScott O'Dell.
260 _aNew york
_bScholastics
_c1980.
300 _avii, 184 p. ;
_c22 cm.
521 _aG5
526 _c760
650 1 _aAmerican loyalists
_xFiction.
_927119
650 1 _aSurvival
_xFiction.
_927120
651 1 _aUnited States
_xHistory
_yRevolution, 1775-1783
_xFiction.
_927121
856 4 2 _3Publisher description
_uhttp://www.loc.gov/catdir/description/hm021/79028394.html
856 4 2 _3Contributor biographical information
_uhttp://www.loc.gov/catdir/enhancements/fy0737/79028394-b.html
906 _a7
_bcbc
_corignew
_d1
_eocip
_f19
_gy-gencatlg
942 _2lcc
_cBK-SCHOLAS
999 _c33342
_d33342